World's Busiest Air Routes - Statistics

General Stats
  • This quiz has been taken 3,003 times
    2,857 since last reset
  • The average score is 11 of 18
Answer Stats
City % Correct
Beijing
94%
Tokyo
94%
Shanghai
91%
Hong Kong
83%
Seoul
83%
Osaka
80%
Sydney
70%
Mumbai
68%
Delhi
67%
Taipei
64%
Melbourne
62%
Sapporo
54%
Rio de Janeiro
48%
São Paulo
45%
Jeju
34%
Fukuoka
33%
Cape Town
28%
Johannesburg
27%
No matching quizzes found
Score Distribution
Percent of People with Each Score
Percentile by Number Answered
Your Score History
You have not taken this quiz since the last reset